• 首页
  • 本馆介绍
  • 公告通知
  • 最新文献
  • 馆藏检索
  • 电子资源
  • 读者导购
  • 参考咨询
  • 我的图书馆
  • 登录
  • 详细信息显示
  • 放入我的书架
  • 预约/预借图书
  • 作者相关作品
  • 分类相关作品
  • 丛书相关作品
  • 出版社相关作品

书目信息

  • 表格格式
  • 工作单格式
  • 卡片格式
题名:
磁共振无线充电应用技术
    
 
作者: 沈锦飞 编著
分册:  
出版信息: 北京   机械工业出版社  2020.1
页数: 262页
开本: 26cm
丛书名: 电气工程新技术丛书
单 册:
中图分类: TM910.6
科图分类:
主题词: 电磁场--磁共振--无导线输电--充电
电子资源:
ISBN: 978-7-111-64055-4
000 01306nam0 2200289 45
001 012001001910
005 20140912160805.0
010    @a978-7-111-64055-4@dCNY79.00
100    @a20200613d2020 em y0chiy50 ea
101 0  @achi
102    @aCN@b110000
105    @aa z 000yy
106    @ar
200 1  @a磁共振无线充电应用技术@Aci gong zhen wu xian chong dian ying yong ji shu@b专著@f沈锦飞编著
210    @a北京@c机械工业出版社@d2020.1
215    @a262页@c图@d26cm
225 1  @a电气工程新技术丛书@f严陆光主编
300    @a并列题名:Application of magnetic resonance wireless charging technology
312    @a封面英文题名:Application of magnetic resonance wireless charging technology
330    @a本书从应用和设计的角度,介绍电磁共振式无线充电系统基本组成和类型,磁耦合谐振器无线电能传输原理与特性、补偿电路、互感模型、传输线圈的设计和补偿电容的选择,电磁共振式无线电能传输电路类型,电磁共振式无线充电控制系统分析,电磁共振式无线充电系统设计等内容。
461  0 @12001 @a电气工程新技术丛书@1701 0@a严陆光主编
510 1  @aApplication of magnetic resonance wireless charging technology@zeng
606 0  @a电磁场@x磁共振@x无导线输电@x充电
690    @aTM910.6@v5
701  0 @a沈锦飞@Ashen jin fei@f(1955-)@4编著
801  0 @aCN@bBJSDL@c20211011
905    @b1337692-5@dTM910.6@e174@f4
    
    磁共振无线充电应用技术/沈锦飞编著.-北京:机械工业出版社,2020.1
    262页:图;26cm.-(电气工程新技术丛书/严陆光主编)
    并列题名:Application of magnetic resonance wireless charging technology
    
    ISBN 978-7-111-64055-4:CNY79.00
    本书从应用和设计的角度,介绍电磁共振式无线充电系统基本组成和类型,磁耦合谐振器无线电能传输原理与特性、补偿电路、互感模型、传输线圈的设计和补偿电容的选择,电磁共振式无线电能传输电路类型,电磁共振式无线充电控制系统分析,电磁共振式无线充电系统设计等内容。
●
相关链接 在E读中查询图书 在五车中查询图书 在当当中查询图书 在豆瓣中查询图书


正题名:磁共振无线充电应用技术     索取号:TM910.6/174         预约/预借

序号 登录号 条形码 馆藏地/架位号 状态 备注
1 1337692   213376924   第二样本阅览室/ [索取号:TM910.6/174] 在馆    
2 1337693   213376933   第三借阅区/ [索取号:TM910.6/174] 在馆    
3 1337694   213376942   第三借阅区/ [索取号:TM910.6/174] 在馆    
4 1337695   213376951   第三借阅区/ [索取号:TM910.6/174] 在馆    
唐山师范学院图书馆 欢迎您!
大连网信软件有限公司© 版权所有